| 000 | 00342nam a22001337a 4500 | ||
|---|---|---|---|
| 008 | 250411b |||||||| |||| 00| 0 eng d | ||
| 020 | _a9788127541 | ||
| 050 |
_aJA281 _b.A34 |
||
| 100 | _aADALOKLO Dada E. | ||
| 245 | _aIssues in Public Affairs | ||
| 260 |
_aNigeria _bAtlantic Associated Publishers _c2006 |
||
| 300 | _axi, 163p. | ||
| 942 | _cBK | ||
| 999 |
_c2920 _d2920 |
||